000 00716cab a2200217 4500
001 ABS41155
008 090401t1989 xxu||||| |||| 00| 0 eng d
035 _a(Sirsi) u28474
041 _aeng
100 _aCurtis, M.
245 _aSelling to consortia
260 _c1989
350 _a0
490 _aEstates Times
_v(1004) 21 July 1989, 19(1)
520 _aHighlights the special considerations which apply to the selling of property to a tenants consortium and considers why, in spite of problems which can arise, landlords do sell to their tenants.
650 _aLANDLORD AND TENANT ACT 1987
650 _aSALE OF PROPERTY
690 _aPROPERTY LAW AND PRACTICE
942 _n0
948 _c04/03/1997
999 _c19166
_d19166